Behavioral management strategies for selected children with autism / (Record no. 80491)

MARC details
000 -LEADER
fixed length control field 01741nam a22003137a 4500
003 - CONTROL NUMBER IDENTIFIER
control field URS
005 - DATE AND TIME OF LATEST TRANSACTION
control field 20240606211125.0
008 - FIXED-LENGTH DATA ELEMENTS--GENERAL INFORMATION
fixed length control field 240521b |||||||| |||| 00| 0 eng d
050 ## - LIBRARY OF CONGRESS CALL NUMBER
Classification number BEED
Item number B358 2015
245 10 - TITLE STATEMENT
Title Behavioral management strategies for selected children with autism /
Statement of responsibility, etc. Balugo, Mark James F., [and three others].
260 #1 - PUBLICATION, DISTRIBUTION, ETC.
Date of publication, distribution, etc. [2015]
300 ## - PHYSICAL DESCRIPTION
Extent x, 50 leaves :
Other physical details color illustrations ;
Dimensions 28 cm
336 ## - CONTENT TYPE
Source rdacontent
Content type term text
337 ## - MEDIA TYPE
Source rdamedia
Media type term unmediated
338 ## - CARRIER TYPE
Source rdacarrier
Carrier type term volume
500 ## - GENERAL NOTE
General note Undergraduate thesis (Elementary Education) - University of Rizal System, Cainta 2015
504 ## - BIBLIOGRAPHY, ETC. NOTE
Bibliography, etc. note Includes bibliographical references.
520 ## - SUMMARY, ETC.
Summary, etc. "The study focused on Behavioral strategies used for selected children with Autism in Maria Domenica Development Center (MDDC) during the school year 2015-2016. The researchers selected five (5) respondents who are the teachers with the use of purposive sampling technique." -- Abstract
524 ## - PREFERRED CITATION OF DESCRIBED MATERIALS NOTE
Preferred citation of described materials note Balugo, M. J. F., [and three others]. (2015). Behavioral management strategies for selected children with autism. University of Rizal System.
546 ## - LANGUAGE NOTE
Language note In English text.
650 #0 - SUBJECT ADDED ENTRY--TOPICAL TERM
Topical term or geographic name entry element Elementary Education
Form subdivision Thesis, Academic.
700 1# - ADDED ENTRY--PERSONAL NAME
Personal name Balugo, Mark James F.,
Relator term researcher.
700 1# - ADDED ENTRY--PERSONAL NAME
Personal name Brillantes, Jessamine T.,
Relator term researcher.
700 1# - ADDED ENTRY--PERSONAL NAME
Personal name Nones, Ma. Sarah Isabel C.,
Relator term researcher.
700 1# - ADDED ENTRY--PERSONAL NAME
Personal name Tomara, Gloria Asminah L.,
Relator term researcher.
856 ## - ELECTRONIC LOCATION AND ACCESS
Materials specified Online Request for Student Unpublished Works
Uniform Resource Identifier <a href="https://docs.google.com/forms/d/e/1FAIpQLSdtj_eCncT3hgTIbOB8g-3uMYPTK14UGxs8cj-GqWFJPmnTLA/viewform">https://docs.google.com/forms/d/e/1FAIpQLSdtj_eCncT3hgTIbOB8g-3uMYPTK14UGxs8cj-GqWFJPmnTLA/viewform</a>
856 ## - ELECTRONIC LOCATION AND ACCESS
Materials specified Click here to access online
Uniform Resource Identifier <a href="https://drive.google.com/file/d/17agxeUylzcLZw0JJXYB-MgCGPRho1bn-/view?usp=sharing">https://drive.google.com/file/d/17agxeUylzcLZw0JJXYB-MgCGPRho1bn-/view?usp=sharing</a>
942 ## - ADDED ENTRY ELEMENTS (KOHA)
Source of classification or shelving scheme Library of Congress Classification
Koha item type Theses and dissertations
Holdings
Withdrawn status Source of classification or shelving scheme Damaged status Not for loan Collection code Home library Current library Shelving location Date acquired Source of acquisition Total Checkouts Full call number Barcode Date last seen Copy number Price effective from Koha item type
  Library of Congress Classification     Non-fiction Cainta College Library Cainta College Library Undergraduate Theses 05/21/2024 Donation   BEED B358 2015 URSCAI-UGT0423 05/21/2024 c.1 05/21/2024 Theses and dissertations
  Library of Congress Classification     Non-fiction Cainta College Library Cainta College Library Undergraduate Theses 05/22/2024 Donation   BEED B358 2015 URSCAI-UGT0424 05/22/2024 c.2 05/22/2024 Theses and dissertations
  Library of Congress Classification     Non-fiction Cainta College Library Cainta College Library Undergraduate Theses 05/29/2024 Donation   BEED B358 2015 URSCAI-UGT0685 05/29/2024 c.3 05/29/2024 Theses and dissertations

University of Rizal System
Email us at univlibservices@urs.edu.ph

Visit our Website www.urs.edu.ph/library